| 000 | 00707cam a22002537a 4500 | ||
|---|---|---|---|
| 003 | CHAP | ||
| 005 | 20220817042827.0 | ||
| 008 | 971013s1978 r 00010 d | ||
| 010 | _a56948 | ||
| 011 | _a57920 | ||
| 035 | _a62075 | ||
| 040 | _cCHAP | ||
| 082 |
_a338.17 _bS5 |
||
| 100 | 0 | 0 |
_aSinha, Radha _eed. _9106657 |
| 245 | 1 | 4 | _aThe world food problem ; consensus and conflict |
| 260 |
_aOxford : _bPergamon, _c1978 |
||
| 300 | _a676 p. | ||
| 590 |
_aBATCH-UPD _b10 _c20130110 _lUCH01 _h0350 |
||
| 590 |
_aCONVERSION _b10 _c20130109 _lUCH01 _h1331 |
||
| 650 | 1 | 4 |
_aAlimentos _xAbastecimiento. |
| 901 | _aBK | ||
| 942 | _cLIBRO | ||
| 949 |
_a338.17 S5 _bBC _cLIBRO _d33724000156121 _eLIBRO _h55993 _i62075 _si |
||
| 999 |
_c56948 _d56948 |
||